Participants de LOL qui rit sort (saison 3) par images - Statistiques

Statistiques générales
  • Ce quiz a été pris 327 fois
  • Le résultat moyen est 9 sur 10
Statistiques - réponses
Par images Réponse % Correct
Gad Elmaleh
99%
Pierre Niney
99%
Jonathan Cohen
97%
Paul Mirabel
96%
Adèle Exarchopoulos
92%
Virginie Efira
86%
François Damiens
81%
Laura Felpin
78%
Leïla Bekhti
77%
Géraldine Nakache
75%
Aucun quiz correspondant
Distribution des résultats
% des personnes avec chaque résultat
Percentile par nombre de réponses
Votre historique - résultats
Vous n’avez pas pris ce quiz